Entry Nombre personal
001 - NÚMERO DE CONTROL
- campo de control: 349
003 - IDENTIFICADOR DE NÚMERO DE CONTROL
- campo de control: AR-BaBN
005 - FECHA Y HORA DE LA ÚLTIMA TRANSACCIÓN
- campo de control: 20260204091838.0
008 - ELEMENTOS DE DATO DE LONGITUD-FIJA
- campo de control de longitud fija: 170613nn acznnaabn a aaa
016 7# - NÚMERO DE CONTROL DE UNA AGENCIA BIBLIOGRÁFICA NACIONAL
- Número de control del registro: 000047969
- Fuente: AR-BaBN
024 7# - IDENTIFICADOR DE OTROS ESTÁNDARES
- Número estándar o código: 46770914
- Fuente: viaf
- URI de un objeto del mundo real: http://viaf.org/viaf/46770914
040 ## - FUENTE DE CATALOGACIÓN
- Centro catalogador/agencia de origen: AR-BaBN
- Lengua de catalogación: spa
- Centro/agencia transcriptor: AR-BaBN
- Normas de descripción: aacr
043 ## - CÓDIGO DE ÁREA GEOGRÁFICA
- Código de área geográfica: n-us-nc
046 ## - FECHAS CON CODIFICACIÓN ESPECIAL
- Fecha de nacimiento: 1862-09-11
- Fecha de la muerte: 1910-06-05
- Fuente del esquema de fecha: edtf
075 ## - TIPO DE ENTIDAD
- Término tipo de entidad: persona
- Fuente: rda
100 1# - ENCABEZAMIENTO-NOMBRE DE PERSONA
- Nombre de persona: Henry, O.,
- Fechas asociadas al nombre: 1862-1910
370 ## - LUGAR ASOCIADO
- Lugar de nacimiento: Greensboro (Carolina del Norte, Estados Unidos)
- Lugar de fallecimiento: Nueva York (Estados Unidos)
372 ## - CAMPO DE ACTIVIDAD
- Campo de actividad: Literatura
374 ## - OCUPACIÓN
- Ocupación: Escritores
375 ## - GÉNERO/SEXO
- Género: Varón
377 ## - IDIOMA ASOCIADO
- Código del idioma: eng
- Término de lengua/lenguaje: inglés
400 1# - TRAZADO DE VÉASE--NOMBRE DE PERSONA
- Nombre de persona: Henry, O',
- Fechas asociadas al nombre: 1862-1910
400 1# - TRAZADO DE VÉASE--NOMBRE DE PERSONA
- Nombre de persona: Henry, Olivier,
- Fechas asociadas al nombre: 1862-1910
400 0# - TRAZADO DE VÉASE--NOMBRE DE PERSONA
- Nombre de persona: Henry, Oliver,
- Fechas asociadas al nombre: 1862-1910
400 0# - TRAZADO DE VÉASE--NOMBRE DE PERSONA
- Nombre de persona: O'Guenri,
- Fechas asociadas al nombre: 1862-1910
400 0# - TRAZADO DE VÉASE--NOMBRE DE PERSONA
- Nombre de persona: O'Henry,
- Fechas asociadas al nombre: 1862-1910
400 1# - TRAZADO DE VÉASE--NOMBRE DE PERSONA
- Nombre de persona: Porter, William Sydney,
- Fechas asociadas al nombre: 1862-1910
670 ## - FUENTE DE DATOS ENCONTRADOS
- Cita de la fuente: Pasajeros en Arcadia : y otros cuentos, 1980:
- Información encontrada: port. (O. Henry)
670 ## - FUENTE DE DATOS ENCONTRADOS
- Cita de la fuente: Cuentos de Nueva York, 1954:
- Información encontrada: port. (O'Henry)
670 ## - FUENTE DE DATOS ENCONTRADOS
- Cita de la fuente: Library of Congress Authorities, 13 jun., 2017:
- Información encontrada: cat. aut. (O. Henry; Willian Sydney Porter, n. 11 sept. 1862, Greensboro, N.C., M. 05 jun. 1910, Nueva York; autor; seudónimos: O. Henry, Olivier Henry, Oliver Henry)
670 ## - FUENTE DE DATOS ENCONTRADOS
- Cita de la fuente: Biblioteca Nacional de España, 13 jun. 2017:
- Información encontrada: cat. aut. (Henry, O., 1862-1910; nombres no autorizados: Henry, Oliver; O'Guenri; O'Henry; Porter, William Sydney; seudónimos y apodos: The American Maupassant; Bliss, James L.; Clark, Howard; Dowd, T.B.; Parker, Will. S.; Peters, S.H.)